000 00527nam a2200205Ia 4500
005 20240823035858.0
008 240823s9999||||xx |||||||||||||| ||und||
020 _a0-04-462055-8
041 _aENGLISH
082 _A543.0858 N5
100 _a"Banwell,Colin N"
245 0 _aFundamentals of Miolecular Spectroscopy
250 _a4 th
260 _c1995
_b"Tata Mcgraw Hill,New "
500 _aTRANSFERED
650 _aMolecular spectroscopy
_bPhysics
700 _a" McCash,Elaine M"
942 _cBK
999 _c201747
_d201747